Upkars UGC NET JRF SET labour welfare and industrial relations labour and social welfare human resource management: paper II (Record no. 169162)

MARC details
000 -LEADER
fixed length control field 00740nam a2200217Ia 4500
003 - CONTROL NUMBER IDENTIFIER
control field OSt
005 - DATE AND TIME OF LATEST TRANSACTION
control field 20230613105813.0
008 - FIXED-LENGTH DATA ELEMENTS--GENERAL INFORMATION
fixed length control field 210423s2018 xx 000 0 und d
020 ## - INTERNATIONAL STANDARD BOOK NUMBER
International Standard Book Number 978-93-5013-671-3
040 ## - CATALOGING SOURCE
Transcribing agency AL
041 ## - LANGUAGE CODE
Language code of text/sound track or separate title eng
082 ## - DEWEY DECIMAL CLASSIFICATION NUMBER
Classification number 331.02
Edition number 23
Item number RAKU
100 ## - MAIN ENTRY--PERSONAL NAME
Personal name RAKESH (Raghubar)
9 (RLIN) 83521
245 ## - TITLE STATEMENT
Title Upkars UGC NET JRF SET labour welfare and industrial relations labour and social welfare human resource management: paper II
260 ## - PUBLICATION, DISTRIBUTION, ETC.
Place of publication, distribution, etc. Agra
Name of publisher, distributor, etc. Upkar prakashan
Date of publication, distribution, etc. 2018
300 ## - PHYSICAL DESCRIPTION
Extent viii,400
Other physical details PB
365 ## - TRADE PRICE
Price amount 350
Currency code INR
650 ## - SUBJECT ADDED ENTRY--TOPICAL TERM
Topical term or geographic name entry element Economics
9 (RLIN) 83522
906 ## - LOCAL DATA ELEMENT F, LDF (RLIN)
a human ; industrial ; JRF ; labour ; management: ; NET ; paper ; relations ; resource ; SET ; social ; UGC ; Upkars ; welfare
942 ## - ADDED ENTRY ELEMENTS (KOHA)
Source of classification or shelving scheme Dewey Decimal Classification
Koha item type Book
Holdings
Withdrawn status Lost status Damaged status Not for loan Collection code Home library Current library Date acquired Source of acquisition Cost, normal purchase price Total Checkouts Full call number Barcode Date last seen Price effective from Koha item type Date last checked out
        General St Aloysius PG Library St Aloysius PG Library 07/03/2018 Biblios Book Point 350.00   331.02 RAKU PG015664 08/24/2022 04/26/2021 Book  
        General St Aloysius PG Library St Aloysius PG Library 07/03/2018 Biblios Book Point 350.00 1 331.02 RAKU PG015665 08/24/2022 04/26/2021 Book 10/18/2021